Probability and Statistics (Record no. 478877)

000 -LEADER
fixed length control field 00590nam a22002057a 4500
003 - CONTROL NUMBER IDENTIFIER
control field NUST
005 - DATE AND TIME OF LATEST TRANSACTION
control field 20180816101822.0
008 - FIXED-LENGTH DATA ELEMENTS--GENERAL INFORMATION
fixed length control field 180816b ||||| |||| 00| 0 eng d
020 ## - INTERNATIONAL STANDARD BOOK NUMBER
International Standard Book Number 978032150046
038 ## - RECORD CONTENT LICENSOR
Staff Name SNS Library
040 ## - CATALOGING SOURCE
Original cataloging agency 0
082 ## - DEWEY DECIMAL CLASSIFICATION NUMBER
Classification number 519.2 DEG 2012
100 ## - MAIN ENTRY--PERSONAL NAME
Personal name Morris H. Degroot, Mark J. Schervish
9 (RLIN) 12300
245 ## - TITLE STATEMENT
Title Probability and Statistics
Statement of responsibility, etc. Morris H. Degroot, Mark J. Schervish
250 ## - EDITION STATEMENT
Edition statement 4th Ed.
260 ## - PUBLICATION, DISTRIBUTION, ETC.
Place of publication, distribution, etc. New Delhi
Name of publisher, distributor, etc. Addison-Wesley
Date of publication, distribution, etc. 2012
300 ## - PHYSICAL DESCRIPTION
Extent 885 p.
Other physical details HB
Dimensions (PH)
440 ## - SERIES STATEMENT/ADDED ENTRY--TITLE
Title Probability and Statistics
9 (RLIN) 12301
942 ## - ADDED ENTRY ELEMENTS (KOHA)
Source of classification or shelving scheme
Koha item type Book
Holdings
Withdrawn status Lost status Source of classification or shelving scheme Damaged status Not for loan Collection code Permanent Location Current Location Shelving location Date acquired Total Checkouts Full call number Barcode Date last seen Price effective from Koha item type
            School of Natural Sciences (SNS) School of Natural Sciences (SNS) General Stacks 08/16/2018   519.2 DEG 2012 SNS0001931 08/16/2018 08/16/2018 Book
© 2023 Central Library, National University of Sciences and Technology. All Rights Reserved.